Name the 32 airlines in Europe 2023 - Statistics

General Stats
  • This quiz has been taken 159 times
    62 since last reset
  • The average score is 14 of 32
Answer Stats
Answer % Correct
Lufthansa
92%
Air France
91%
KLM
87%
British Airways
85%
Iberia
79%
Ryanair
79%
EasyJet
75%
Aer Lingus
74%
TAP
64%
LOT
62%
Alitalia
53%
Austrian Airlines
53%
Finnair
53%
Brussels Airlines
51%
Wizz air
49%
Eurowings
47%
Norwegian
40%
Air Baltic
36%
Aegean Airlines
32%
Air Malta
28%
Scandinavian Airlines
28%
Luxair
26%
TAROM
26%
Transavia
25%
Czech Airlines
23%
Bulgaria Air
15%
Croatia Airlines
15%
Adria Airways
4%
Corendon
4%
Cyprus Airways
4%
Nordica
2%
Slovak Airlines
0%
No matching quizzes found
Score Distribution
Percent of People with Each Score
Percentile by Number Answered
Your Score History
You have not taken this quiz since the last reset